ბათუმის შოთა რუსთაველის სახელმწიფო უნივერსიტეტის ბიბლიოთეკა

ქართული ხალხური პოეზია (ბიბ.ჩანაწერი № 43693)

000 -LEADER
fixed length control field 00655nam a2200193Ia 4500
001 - CONTROL NUMBER
control field 10433
003 - CONTROL NUMBER IDENTIFIER
control field GE_BSU
008 - FIXED-LENGTH DATA ELEMENTS--GENERAL INFORMATION
fixed length control field 181216s||||||||xx |||||||||||||| ||und||
040 ## - CATALOGING SOURCE
Transcribing agency GE_BSU
245 ## - TITLE STATEMENT
Title ქართული ხალხური პოეზია
245 ## - TITLE STATEMENT
Statement of responsibility, etc. შემდგ:ელენე ვირსალაძე;ილ:ნიკოლოზ იგნატოვი.
260 ## - PUBLICATION, DISTRIBUTION, ETC.
Place of publication, distribution, etc. თბილისი
260 ## - PUBLICATION, DISTRIBUTION, ETC.
Name of publisher, distributor, etc. საბჭ.საქართველო
260 ## - PUBLICATION, DISTRIBUTION, ETC.
Date of publication, distribution, etc. 1974
300 ## - PHYSICAL DESCRIPTION
Extent 318გვ;17სმ.
300 ## - PHYSICAL DESCRIPTION
Other physical details ილ.
653 ## - INDEX TERM--UNCONTROLLED
Uncontrolled term ქართული ხალხური პოეზია
942 ## - ADDED ENTRY ELEMENTS (KOHA)
Koha item type წიგნი
ეგზემპლარები
Withdrawn status Lost status Damaged status Not for loan Date acquired Barcode Date last seen Price effective from Koha item type
        2018-12-17 34255 2018-12-17 2018-12-17 წიგნი
        2018-12-17 34256 2018-12-17 2018-12-17 წიგნი